=LDR 00000nam 2200000 4500 =001 INLIS000000000043831 =005 20131008103841 =008 ***********************************ind** =035 ##$$0010-101300000001753 =041 ##$$a ind =082 ##$$a 658.81 =090 ##$$a 658.81, Rew s =100 ##$$a Rewoldt, Steward. H =245 ##$$a Strategi promosi pemasaran, Steward H Rewoldt; diterjemahkan A. Hasyami Ali =260 ##$$a 2005 $b Jakarta =300 ##$$a viii, 120 hlm, 20 cm =650 ##$$a Pemasaran =700 ##$$a Ali, A. Hasymi =850 ##$$a NBPNMAT =990 ##$$a 21601808/BPAP-NTB/2017